[Event "Ostrava op"]
[Site "Ostrava"]
[Date "2009.05.09"]
[Round "8"]
[White "Lamper, Vlastimil"]
[Black "Sipl, Frantisek"]
[Result "0-1"]
[WhiteElo "1940"]
[BlackElo "1820"]
[PlyCount "67"]
[EventDate "2009.05.02"]
[EventType "swiss"]
[EventRounds "9"]
[EventCountry "CZE"]
[SourceTitle "EXT 2011"]
[Source "ChessBase"]
[SourceDate "2010.11.26"]
[SourceVersion "1"]
[SourceVersionDate "2010.11.26"]
[SourceQuality "1"]

1. d4 Nf6 2. Nf3 e6 3. c4 Bb4+ 4. Bd2 Bxd2+ 5. Nbxd2 b6 6. g3 Bb7 7. Bg2 d6 8. 0-0 0-0 9. Qc2 Nbd7 10. e4 e5 11. c5 bxc5 12. dxe5 dxe5 13. Rfe1 Qe7 14. Rac1 a5 15. Nh4 g6 16. Nb3 Ra6 17. Bf1 a4 18. Bxa6 axb3 19. Qe2 Bxe4 20. axb3 Qe6 21. Bc4 Qh3 22. f3 Bc6 23. Qf2 e4 24. Bf1 Qe6 25. Bc4 Qh3 26. Bf1 Qe6 27. b4 Ne5 28. f4 Neg4 29. Qxc5 Ba8 30. h3 Nh6 31. Qe5 Qb6+ 32. Qc5 Qe6 33. Qxc7 Nd5 34. Kh2 0-1

[Event "Ostrava op"]
[Site "Ostrava"]
[Date "2009.05.08"]
[Round "7"]
[White "Koudelka, Milos"]
[Black "Lamper, Vlastimil"]
[Result "0-1"]
[WhiteElo "1705"]
[BlackElo "1940"]
[PlyCount "68"]
[EventDate "2009.05.02"]
[EventType "swiss"]
[EventRounds "9"]
[EventCountry "CZE"]
[SourceTitle "EXT 2011"]
[Source "ChessBase"]
[SourceDate "2010.11.26"]
[SourceVersion "1"]
[SourceVersionDate "2010.11.26"]
[SourceQuality "1"]

1. d4 d5 2. c4 c6 3. e3 Nf6 4. Nc3 Nbd7 5. Nf3 a6 6. a4 dxc4 7. Bxc4 Nb6 8. Be2 Bf5 9. 0-0 e6 10. h3 Be7 11. Qb3 a5 12. Rd1 h6 13. Bd3 Bxd3 14. Rxd3 0-0 15. Qc2 Nbd5 16. Nxd5 exd5 17. Ne5 Bd6 18. b3 Re8 19. Bb2 Re6 20. Qe2 Nd7 21. Nxd7 Qxd7 22. Rf1 Rae8 23. Qg4 Qd8 24. Bc1 Rg6 25. Qe2 Qh4 26. Kh1 f5 27. f4 Bxf4 28. Qf3 Bb8 29. g4 fxg4 30. Qg2 Qxh3+ 31. Qxh3 gxh3 32. Bd2 Re4 33. Bxa5 Reg4 34. e4 h2 0-1

[Event "Ostrava Konik op-B"]
[Site "Ostrava"]
[Date "2007.05.??"]
[Round "8"]
[White "Horky, Josef"]
[Black "Lamper, Vlastimil"]
[Result "0-1"]
[WhiteElo "1820"]
[BlackElo "1920"]
[PlyCount "58"]
[EventDate "2007.05.??"]
[EventType "swiss"]
[EventRounds "9"]
[EventCountry "CZE"]
[SourceTitle "EXT 2010"]
[Source "ChessBase"]
[SourceDate "2010.11.25"]
[SourceVersion "1"]
[SourceVersionDate "2010.11.25"]
[SourceQuality "1"]

1. d4 d5 2. c4 c6 3. Nc3 Nf6 4. e3 g6 5. Nf3 Bg7 6. Qb3 0-0 7. Be2 dxc4 8. Bxc4 Qb6 9. Qxb6 axb6 10. b4 b5 11. Bb3 Nbd7 12. Bb2 Nb6 13. Ne5 Bf5 14. f3 Nfd5 15. Nxd5 cxd5 16. Kf2 Nc4 17. Nxc4 bxc4 18. Bd1 Rfc8 19. a4 c3 20. Bc1 Rc4 21. Ba3 c2 22. Be2 Rc3 23. Bc1 h5 24. Bd2 Rb3 25. a5 e5 26. dxe5 Bxe5 27. Ra2 Rb2 28. e4 dxe4 29. fxe4 Bd4+ 0-1

[Event "Ostrava Konik op-B"]
[Site "Ostrava"]
[Date "2007.05.??"]
[Round "4"]
[White "Lamper, Vlastimil"]
[Black "Divis, Jan"]
[Result "1/2-1/2"]
[WhiteElo "1920"]
[BlackElo "1770"]
[PlyCount "92"]
[EventDate "2007.05.??"]
[EventType "swiss"]
[EventRounds "9"]
[EventCountry "CZE"]
[SourceTitle "EXT 2010"]
[Source "ChessBase"]
[SourceDate "2010.11.25"]
[SourceVersion "1"]
[SourceVersionDate "2010.11.25"]
[SourceQuality "1"]

1. d4 Nf6 2. Nf3 d5 3. g3 c6 4. Bg2 Bf5 5. 0-0 e6 6. c4 h6 7. Nc3 Bd6 8. Nd2 0-0 9. e4 dxe4 10. Ndxe4 Nxe4 11. Nxe4 Bxe4 12. Bxe4 Nd7 13. Be3 Nf6 14. Bc2 a5 15. b3 Rc8 16. c5 Bc7 17. Qd3 e5 18. Qf5 exd4 19. Rad1 Qd7 20. Qxd7 Nxd7 21. Bxd4 Rcd8 22. f4 Nf6 23. Bxf6 gxf6 24. Kf2 Rxd1 25. Rxd1 Rd8 26. Rxd8+ Bxd8 27. Ke3 Kf8 28. Bf5 Ke7 29. Kf3 b6 30. Be4 bxc5 31. Bxc6 f5 32. g4 fxg4+ 33. Kxg4 Kf6 34. h3 Be7 35. Bd7 Bd6 36. Kf3 Ke7 37. Bc8 Kd8 38. Ba6 Kd7 39. Ke4 Ke6 40. Bc8+ Ke7 41. f5 Bh2 42. Kd5 Bg1 43. a4 Bf2 44. Kc6 Kf6 45. Kb5 Be1 46. Kxc5 h5 1/2-1/2

[Event "Ostrava Konik op-B"]
[Site "Ostrava"]
[Date "2007.05.??"]
[Round "2"]
[White "Lamper, Vlastimil"]
[Black "Eichler, Gustav"]
[Result "1/2-1/2"]
[WhiteElo "1920"]
[BlackElo "1700"]
[PlyCount "91"]
[EventDate "2007.05.??"]
[EventType "swiss"]
[EventRounds "9"]
[EventCountry "CZE"]
[SourceTitle "EXT 2010"]
[Source "ChessBase"]
[SourceDate "2010.11.25"]
[SourceVersion "1"]
[SourceVersionDate "2010.11.25"]
[SourceQuality "1"]

1. d4 Nf6 2. Nf3 e6 3. c4 d5 4. Nc3 Bb4 5. a3 Bxc3+ 6. bxc3 0-0 7. g3 Nbd7 8. Nd2 c6 9. Bg2 Qa5 10. Qc2 Nb6 11. 0-0 dxc4 12. e4 Rd8 13. a4 e5 14. dxe5 Qxe5 15. a5 Nbd7 16. Nxc4 Qe6 17. Qd3 Re8 18. Ba3 Ne5 19. Nxe5 Qxe5 20. Bd6 Qh5 21. f3 Be6 22. e5 Nd7 23. Ra4 Nxe5 24. Qb1 Nc4 25. Bf4 Qc5+ 26. Kh1 Nxa5 27. Re1 Bf5 28. Qd1 Nc4 29. Ra2 Rad8 30. Rxe8+ Rxe8 31. g4 Bg6 32. h4 h5 33. Re2 Rxe2 34. Qxe2 b5 35. Bh2 Qe3 36. Qd1 Qd2 37. Qxd2 Nxd2 38. Kg1 a5 39. gxh5 Bxh5 40. f4 Nf3+ 41. Bxf3 Bxf3 42. Kf2 Bd5 43. f5 a4 44. Bd6 f6 45. Ke3 Kf7 46. Bc5 1/2-1/2

[Event "CZE-chT2f 0506"]
[Site "Czech Republic"]
[Date "2006.02.26"]
[Round "8.8"]
[White "Novosadova, Kristyna"]
[Black "Lamper, Vlastimil"]
[Result "1-0"]
[WhiteElo "1935"]
[BlackElo "1879"]
[PlyCount "79"]
[EventDate "2005.10.16"]
[EventType "team"]
[EventRounds "11"]
[EventCountry "CZE"]
[SourceTitle "EXT 2009"]
[Source "ChessBase"]
[SourceDate "2008.11.26"]
[SourceVersion "1"]
[SourceVersionDate "2008.11.26"]
[SourceQuality "1"]

1. e4 c6 2. d4 d5 3. Nc3 dxe4 4. Nxe4 Nf6 5. Ng3 g6 6. Nf3 Bg7 7. Be2 0-0 8. Bf4 Bg4 9. 0-0 Nd5 10. Bc1 Qc7 11. Ne5 Bxe2 12. Qxe2 Nd7 13. f4 e6 14. Ne4 Rad8 15. Bd2 Qb6 16. c3 N7f6 17. Nc5 Qxb2 18. Qd3 b6 19. Rfb1 Qxa1 20. Rxa1 bxc5 21. Nxc6 Rd7 22. Rb1 cxd4 23. Nxd4 Rc8 24. Qa6 Rcd8 25. Rb7 Rxb7 26. Qxb7 Rd7 27. Qb8+ Bf8 28. f5 Re7 29. fxe6 fxe6 30. c4 Re8 31. Qxa7 Ne4 32. cxd5 Bc5 33. Qa4 Rb8 34. Be1 e5 35. Kf1 exd4 36. Qd7 Rf8+ 37. Ke2 Nf6 38. Qe6+ Kg7 39. d6 Ra8 40. Qe7+ 1-0

[Event "Ostrava op-B"]
[Site "Ostrava"]
[Date "2003.05.04"]
[Round "3"]
[White "Mysulka, Jiri"]
[Black "Lamper, Vlastimil"]
[Result "1/2-1/2"]
[WhiteElo "1861"]
[BlackElo "1999"]
[PlyCount "71"]
[EventDate "2003.05.03"]
[EventType "swiss"]
[EventRounds "10"]
[EventCountry "CZE"]
[SourceTitle "EXT 2006"]
[Source "ChessBase"]
[SourceDate "2005.11.24"]
[SourceVersion "1"]
[SourceVersionDate "2005.11.24"]
[SourceQuality "1"]

1. e4 c6 2. d4 d5 3. exd5 cxd5 4. c4 Nf6 5. Nc3 e6 6. Nf3 Nc6 7. Bg5 Be7 8. Rc1 0-0 9. Bd3 Nb4 10. Bb1 dxc4 11. Ne5 a6 12. 0-0 b5 13. a3 Nbd5 14. Qc2 g6 15. Nc6 Qc7 16. Nxe7+ Qxe7 17. Qe2 Qc7 18. Qf3 Nxc3 19. Bxf6 Nd5 20. Be4 Nxf6 21. Bxa8 Kg7 22. b3 Bd7 23. bxc4 bxc4 24. Bb7 Bb5 25. a4 Bxa4 26. Bxa6 Qd6 27. Bxc4 Bc6 28. d5 Bxd5 29. Bxd5 Nxd5 30. Rfd1 Qe5 31. g3 h5 32. h4 Rb8 33. Re1 Qf6 34. Qxf6+ Kxf6 35. Rb1 Rc8 36. Rbc1 1/2-1/2